Fe, arte y cultura (Record no. 9899)

MARC details
000 -CABECERA
campo de control de longitud fija 01050nam a2200301 a 4500
001 - NÚMERO DE CONTROL
campo de control BRL_1087
003 - IDENTIFICADOR DEL NÚMERO DE CONTROL
campo de control FranzMayer
005 - FECHA Y HORA DE LA ÚLTIMA TRANSACCIÓN
campo de control 20230918122042.0
008 - DATOS DE LONGITUD FIJA--INFORMACIÓN GENERAL
campo de control de longitud fija 081113s2000----mx-ao#####---#000-0#spa-#
020 ## - NÚMERO INTERNACIONAL ESTÁNDAR DEL LIBRO
Número Internacional Estándar del Libro 9701829905
040 ## - FUENTE DE LA CATALOGACIÓN
Centro/agencia transcriptor MFM
041 ## - CÓDIGO DE LENGUA
Código de lengua del texto/banda sonora o título independiente spa
044 ## - CÓDIGO DEL PAÍS DE LA ENTIDAD EDITORA/PRODUCTORA
Código MARC del país mx
050 #4 - SIGNATURA TOPOGRÁFICA DE LA BIBLIOTECA DEL CONGRESO
Número de clasificación N7914.A1
Número de documento/Ítem .F4 2000
245 10 - MENCIÓN DE TÍTULO
Título Fe, arte y cultura
Resto del título Santo Niño de Atocha, exvotos
260 ## - PUBLICACIÓN, DISTRIBUCIÓN, ETC.
Lugar de publicación, distribución, etc. México
Nombre del editor, distribuidor, etc. CNCA : INBA : Museo Casa Estudio Diego Rivera y Frida Kahlo : Mexic-Arte Museum : Dio´cesis de Zacatecas, Santuario de Plateros
Fecha de publicación, distribución, etc. 2000
300 ## - DESCRIPCIÓN FÍSICA
Extensión 153 p.
Otras características físicas il. todas a color
Dimensiones 27 cm.
500 ## - NOTA GENERAL
Nota general Un ejemplar en Anexo 1
500 ## - NOTA GENERAL
Nota general Au2352
650 14 - PUNTO DE ACCESO ADICIONAL DE MATERIA--TÉRMINO DE MATERIA
Término de materia o nombre geográfico como elemento de entrada Atocha, Santo Niño de
Subdivisión de forma Exposiciones
Subdivisión general Arte
9 (RLIN) 25773
650 14 - PUNTO DE ACCESO ADICIONAL DE MATERIA--TÉRMINO DE MATERIA
Término de materia o nombre geográfico como elemento de entrada Santos en el arte
Subdivisión de forma Exposiciones
Subdivisión geográfica México
9 (RLIN) 25774
650 14 - PUNTO DE ACCESO ADICIONAL DE MATERIA--TÉRMINO DE MATERIA
Término de materia o nombre geográfico como elemento de entrada Arte popular
Subdivisión de forma Exposiciones
Subdivisión geográfica México
9 (RLIN) 1706
650 14 - PUNTO DE ACCESO ADICIONAL DE MATERIA--TÉRMINO DE MATERIA
Término de materia o nombre geográfico como elemento de entrada Exvotos
Subdivisión de forma Exposiciones
Subdivisión geográfica México
9 (RLIN) 3807
710 2# - PUNTO DE ACCESO ADICIONAL--NOMBRE DE ENTIDAD CORPORATIVA
Nombre de entidad corporativa o nombre de jurisdicción como elemento de entrada Museo Casa Estudio Diego Rivera y Frida Kahlo
9 (RLIN) 25775
710 2# - PUNTO DE ACCESO ADICIONAL--NOMBRE DE ENTIDAD CORPORATIVA
Nombre de entidad corporativa o nombre de jurisdicción como elemento de entrada Mexic-Arte Museum (Austin, Tex.)
9 (RLIN) 25776
902 ## - CATALOGADOR
Iniciales GRL
942 ## - ELEMENTOS DE PUNTO DE ACCESO ADICIONAL (KOHA)
Fuente del sistema de clasificación o colocación Library of Congress Classification
Tipo de ítem Koha Libros
Holdings
Estado de retiro Estado de pérdida Estado dañado No para préstamo Localización permanente Ubicación/localización actual Fecha de adquisición Número de inventario Total de préstamos Signatura topográfica completa Código de barras Fecha visto por última vez Precio válido a partir de Tipo de ítem Koha Fuente del sistema de clasificación o colocación Código de colección
El ejemplar forma parte de la colección y puede ser consultado según las políticas vigentes.       Biblioteca Centro de Estudios Ruth D. Lechuga Biblioteca Centro de Estudios Ruth D. Lechuga 08/11/2013 Au2352   N7914.A1 .F4 2000 (Au2352) GRL01187 22/03/2019 22/03/2019 Libros    
El ejemplar forma parte de la colección y puede ser consultado según las políticas vigentes.       Biblioteca del Museo Franz Mayer (Rogerio Casas-Alatriste) Biblioteca del Museo Franz Mayer (Rogerio Casas-Alatriste) 28/08/2023     N7914.A1 .F4 2000 CONT10111 28/08/2023 28/08/2023 Libros Library of Congress Classification Fondo Contemporáneo